000 00577nam a2200229Ia 4500
003 OSt
005 20221005121140.0
006 a|||||r|||| 00| 0
007 ta
008 221004b |||||||| |||| 00| 0 eng d
024 _a54393
037 _cTextual
040 _aCRL
_cCRL
_beng
041 _2eng
_aeng
082 _aR65:9, K3-;1
100 _aWadiyar Jaya Chamaraja
_9630160
245 0 _aGita and Indian culture.
260 _c1963
650 _aPHILOSOPHY
942 _hR65:9, K3-;1
_cTEXL
_2cc
999 _c1040262
_d1040262